My brother Martin : (Record no. 342245)
[ view plain ]
| 000 -LEADER | |
|---|---|
| fixed length control field | 00585nam a2200205Ia 4500 |
| 008 - FIXED-LENGTH DATA ELEMENTS--GENERAL INFORMATION | |
| fixed length control field | 170918s9999 xx 000 0 und d |
| 020 ## - INTERNATIONAL STANDARD BOOK NUMBER | |
| International Standard Book Number | 9780439581431 |
| 050 ## - LIBRARY OF CONGRESS CALL NUMBER | |
| Item number | F246 2003 |
| 100 ## - MAIN ENTRY--PERSONAL NAME | |
| Personal name | Farris, Christine King |
| 245 ## - TITLE STATEMENT | |
| Title | My brother Martin : |
| 245 ## - TITLE STATEMENT | |
| Remainder of title | a sister remembers growing up with the Rev. Dr. Martin Luther King Jr. / |
| 245 ## - TITLE STATEMENT | |
| Statement of responsibility, etc | Christine King Farris ; illustrated by Chris Soentpiet. |
| 260 ## - PUBLICATION, DISTRIBUTION, ETC. (IMPRINT) | |
| Place of publication, distribution, etc | New York : |
| 260 ## - PUBLICATION, DISTRIBUTION, ETC. (IMPRINT) | |
| Name of publisher, distributor, etc | Scholastic, |
| 260 ## - PUBLICATION, DISTRIBUTION, ETC. (IMPRINT) | |
| Date of publication, distribution, etc | 2003 |
| 300 ## - PHYSICAL DESCRIPTION | |
| Extent | unpaged : |
| 300 ## - PHYSICAL DESCRIPTION | |
| Other physical details | colored illustration ; |
| 300 ## - PHYSICAL DESCRIPTION | |
| Dimensions | 23cm. |
| 500 ## - GENERAL NOTE | |
| General note | 970 |
| Withdrawn status | Lost status | Damaged status | Home library | Current library | Date acquired | Total Checkouts | Full call number | Barcode | Date last seen | Price effective from | Koha item type |
|---|---|---|---|---|---|---|---|---|---|---|---|
| Stonyhurst Southville International School (Malarayat) | Stonyhurst Southville International School (Malarayat) | 09/18/2017 | LEX F246 2003 | SSISM1317 | 09/18/2017 | 09/18/2017 | Lexile |